000 00873nam a2200229Ii 4500
003 JO-AjNU
008 230605s9999||||xx |||||||||||||| ||und||
017 _a2009/6/2557
020 _a978-9957-07-689-4
040 _aJO-AjNU
_bara
_erda
_cJO-AjNU
041 _aara
050 1 4 _aDS38.3.R3522 2012
100 3 _aرمضان، عبدالمحسن طه,
_eauthor
_960152
245 0 0 _aتاريخ العرب والاسلام من البعثة النبوية حتى نهاية الدولة الاموية
250 _aالطبعة الاولى
264 3 1 _aعمان: دار الفكر ناشرون موزعون، 2012
300 _a430ص
_b ويحتوي على قائمة مراجع من ص415-ص430
336 _atext
_btxt
_2rdacontent
337 _aunmediated
_bn
_2rdamedia
338 _avolume
_bnc
_2rdacarrier
650 4 _aالتاريخ الاسلامي
_960153
999 _aA27109
_c30677
_d30677